<?xml version="1.0" encoding="UTF-8"?>
<record
    xmlns:xsi="http://www.w3.org/2001/XMLSchema-instance"
    xsi:schemaLocation="http://www.loc.gov/MARC21/slim http://www.loc.gov/standards/marcxml/schema/MARC21slim.xsd"
    xmlns="http://www.loc.gov/MARC21/slim">

  <leader>01150nam a2200217Ia 4500</leader>
  <controlfield tag="003">OSt</controlfield>
  <controlfield tag="005">20210423100315.0</controlfield>
  <controlfield tag="008">210310s2007    ck     gr     000 0 spa d</controlfield>
  <datafield tag="040" ind1=" " ind2=" ">
    <subfield code="a">CO-JMCR</subfield>
    <subfield code="c">CO-JMCR</subfield>
  </datafield>
  <datafield tag="041" ind1="0" ind2=" ">
    <subfield code="a">spa</subfield>
  </datafield>
  <datafield tag="082" ind1="0" ind2="4">
    <subfield code="2">23</subfield>
    <subfield code="a">350.87 / </subfield>
    <subfield code="b">A723m</subfield>
  </datafield>
  <datafield tag="100" ind1="1" ind2=" ">
    <subfield code="a">Atehort&#xFA;a R&#xED;os, Carlos Alberto, </subfield>
    <subfield code="e">autor</subfield>
    <subfield code="9">25871</subfield>
  </datafield>
  <datafield tag="245" ind1="1" ind2="0">
    <subfield code="a">Mutaciones y transfiguraciones en el sector de los servicios p&#xFA;blicos domiciliarios / </subfield>
    <subfield code="c">Caros Alberto Atehort&#xFA;a R&#xED;os</subfield>
  </datafield>
  <datafield tag="260" ind1=" " ind2=" ">
    <subfield code="a">Bogot&#xE1; : </subfield>
    <subfield code="b">Andesco, </subfield>
    <subfield code="c">2007. </subfield>
  </datafield>
  <datafield tag="300" ind1=" " ind2=" ">
    <subfield code="a">109 p&#xE1;ginas ; </subfield>
    <subfield code="c">28 cm</subfield>
  </datafield>
  <datafield tag="500" ind1=" " ind2=" ">
    <subfield code="a">Incluye notas a pie de p&#xE1;gina.</subfield>
  </datafield>
  <datafield tag="505" ind1="0" ind2=" ">
    <subfield code="a">Anotaciones preliminares -- El modelo jur&#xED;dico colombiano es de derecho positivo -- El modelo constitucional en materias de servicios p&#xFA;blicos domiciliarios. -- La especialidad del r&#xE9;gimen de los servicios p&#xFA;blicos se origina en la Constituci&#xF3;n y se desarrolla en la ley. --  Mutaciones y trasfiguraciones al r&#xE9;gimen vigente. -- Justificaci&#xF3;n de la construcci&#xF3;n de un r&#xE9;gimen especial para los servicios p&#xFA;blicos.</subfield>
  </datafield>
  <datafield tag="650" ind1="1" ind2="4">
    <subfield code="a">Modelo jur&#xED;dico colombiano.</subfield>
    <subfield code="9">25873</subfield>
  </datafield>
  <datafield tag="650" ind1="2" ind2="4">
    <subfield code="a">Modelo constitucional colombiano.</subfield>
    <subfield code="9">37079</subfield>
  </datafield>
  <datafield tag="942" ind1=" " ind2=" ">
    <subfield code="2">ddc</subfield>
    <subfield code="c">BK</subfield>
  </datafield>
  <datafield tag="999" ind1=" " ind2=" ">
    <subfield code="c">11568</subfield>
    <subfield code="d">11568</subfield>
  </datafield>
  <datafield tag="952" ind1=" " ind2=" ">
    <subfield code="0">0</subfield>
    <subfield code="1">0</subfield>
    <subfield code="2">ddc</subfield>
    <subfield code="4">0</subfield>
    <subfield code="7">0</subfield>
    <subfield code="a">CPL</subfield>
    <subfield code="b">CPL</subfield>
    <subfield code="c">GEN</subfield>
    <subfield code="d">2018-04-15</subfield>
    <subfield code="e">Donaci&#xF3;n</subfield>
    <subfield code="o">350.87 / A723m</subfield>
    <subfield code="p">430009746</subfield>
    <subfield code="r">2024-05-16 00:00:00</subfield>
    <subfield code="t">Ej.1</subfield>
    <subfield code="w">2021-03-10</subfield>
    <subfield code="y">BK</subfield>
  </datafield>
</record>
